| 000 -LEADER |
| fixed length control field |
00809nam a2200217Ia 4500 |
| 001 - CONTROL NUMBER |
| control field |
4196 |
| 003 - CONTROL NUMBER IDENTIFIER |
| control field |
GE_BSU |
| 008 - FIXED-LENGTH DATA ELEMENTS--GENERAL INFORMATION |
| fixed length control field |
181216s||||||||xx |||||||||||||| ||und|| |
| 040 ## - CATALOGING SOURCE |
| Transcribing agency |
GE_BSU |
| 080 ## - UNIVERSAL DECIMAL CLASSIFICATION NUMBER |
| Universal Decimal Classification number |
628.33 |
| 100 ## - MAIN ENTRY--PERSONAL NAME |
| Personal name |
Когановский,А.М. Клименко,Н.А. Левченко,Т.М. и др. |
| 245 ## - TITLE STATEMENT |
| Title |
Очистка и использование сточных вод в промышленном водоснабжении. |
| 245 ## - TITLE STATEMENT |
| Statement of responsibility, etc. |
Ред. Л.В.Швыркова . |
| 260 ## - PUBLICATION, DISTRIBUTION, ETC. |
| Place of publication, distribution, etc. |
М. |
| 260 ## - PUBLICATION, DISTRIBUTION, ETC. |
| Name of publisher, distributor, etc. |
Химия. |
| 260 ## - PUBLICATION, DISTRIBUTION, ETC. |
| Date of publication, distribution, etc. |
1983. |
| 300 ## - PHYSICAL DESCRIPTION |
| Extent |
288 стр. 22 см. 391 библиогр. |
| 300 ## - PHYSICAL DESCRIPTION |
| Accompanying material |
117 рис. 53 табл. |
| 653 ## - INDEX TERM--UNCONTROLLED |
| Uncontrolled term |
Очистка и использование сточных вод в промышленном водоснабжении. |
| 942 ## - ADDED ENTRY ELEMENTS (KOHA) |
| Koha item type |
წიგნი |